000 00651nam a2200241Ia 4500
003 OSt
005 20220918190939.0
006 a|||||r|||| 00| 0
007 ta
008 220917b |||||||| |||| 00| 0 eng d
024 _a60,589
037 _cTextual
040 _aARTS
_cARTS
_beng
041 _2eng
_aeng
082 _aQ0Rz7, L4
100 _aBrody Baruch A
245 0 _aReadings in the philosophy of religion
_b an analytic approach
260 _aNew Jersey
_bPrentice Hall USA
_c1974
300 _axii, 667p.
_ccm.
650 _aRELIGION
942 _hQ0Rz7, L4
_cTEXL
_2CC
999 _c187507
_d187507